000 00234nam a2200097Ia 4500
008 190216s9999||||xx |||||||||||||| ||und||
100 _aLakshmi Chandra Kuran
245 0 _aHindi-Gadhya Rasanavali
260 _bNbs Kottayam
942 _cBK
999 _c17376
_d17376